[Event "High League 2022 men"]
[Site "Obninsk"]
[Date "2022.06.27"]
[Round "2.17"]
[White "Obgolts, Erik"]
[Black "Paravyan, David"]
[Result "1/2-1/2"]
[LiveChessVersion "1.4.7"]
[BlackElo "2620"]
[WhiteElo "2435"]

1. d4 {[%clk 1:30:57]} Nf6 {[%clk 1:30:55]} 2. Nf3 {[%clk 1:31:23]} g6
{[%clk 1:31:21]} 3. g3 {[%clk 1:31:50]} Bg7 {[%clk 1:31:39]} 4. Bg2
{[%clk 1:32:16]} d5 {[%clk 1:32:04]} 5. O-O {[%clk 1:32:41]} O-O {[%clk 1:32:30]}
6. c4 {[%clk 1:32:45]} c6 {[%clk 1:32:56]} 7. cxd5 {[%clk 1:32:17]} cxd5
{[%clk 1:33:21]} 8. Ne5 {[%clk 1:31:38]} Nc6 {[%clk 1:33:16]} 9. Nc3
{[%clk 1:28:03]} Bf5 {[%clk 1:33:39]} 10. Nxc6 {[%clk 1:25:55]} bxc6
{[%clk 1:34:01]} 11. Bg5 {[%clk 1:24:18]} h6 {[%clk 1:28:42]} 12. Bf4
{[%clk 1:24:33]} Nd7 {[%clk 1:11:27]} 13. Qd2 {[%clk 1:19:08]} g5
{[%clk 0:54:26]} 14. Be3 {[%clk 1:19:25]} e5 {[%clk 0:54:50]} 15. dxe5
{[%clk 1:13:55]} Nxe5 {[%clk 0:46:04]} 16. b3 {[%clk 1:10:42]} d4
{[%clk 0:40:27]} 17. Bxd4 {[%clk 1:10:42]} Nc4 {[%clk 0:39:01]} 18. bxc4
{[%clk 1:10:46]} Bxd4 {[%clk 0:38:30]} 19. Rad1 {[%clk 1:09:30]} Bg7
{[%clk 0:38:03]} 20. Ne4 {[%clk 1:04:34]} Qxd2 {[%clk 0:19:13]} 21. Rxd2
{[%clk 1:04:05]} Rad8 {[%clk 0:19:38]} 22. Rd6 {[%clk 0:36:42]} c5
{[%clk 0:18:20]} 23. Rfd1 {[%clk 0:35:06]} Rde8 {[%clk 0:11:59]} 24. Nf6+
{[%clk 0:30:45]} Bxf6 {[%clk 0:12:24]} 25. Rxf6 {[%clk 0:31:11]} Be6
{[%clk 0:12:41]} 26. Bd5 {[%clk 0:31:30]} Kg7 {[%clk 0:05:40]} 27. Rf3
{[%clk 0:31:47]} Bxd5 {[%clk 0:05:22]} 28. Rxd5 {[%clk 0:32:03]} Rxe2
{[%clk 0:05:48]} 29. a3 {[%clk 0:30:36]} Rfe8 {[%clk 0:03:52]} 30. Rxc5
{[%clk 0:30:21]} R8e7 {[%clk 0:04:18]} 31. Rc3 {[%clk 0:24:10]} R7e6
{[%clk 0:03:36]} 32. Kg2 {[%clk 0:20:16]} Rf6 {[%clk 0:02:58]} 33. Rf3
{[%clk 0:20:41]} Rc2 {[%clk 0:02:38]} 34. a4 {[%clk 0:17:15]} g4 {[%clk 0:02:34]}
35. Rxf6 {[%clk 0:17:41]} Kxf6 {[%clk 0:03:01]} 36. a5 {[%clk 0:17:26]} Kg6
{[%clk 0:00:46]} 37. Rc7 {[%clk 0:15:38]} a6 {[%clk 0:00:37]} 38. Rc6+
{[%clk 0:13:22]} Kg7 {[%clk 0:00:42]} 39. Kf1 {[%clk 0:13:25]} h5
{[%clk 0:00:44]} 40. Ke1 {[%clk 0:37:08]} f6 {[%clk 0:30:32]} 41. Kf1
{[%clk 0:32:44]} Kg6 {[%clk 0:29:56]} 42. c5 {[%clk 0:24:22]} Kf5
{[%clk 0:25:49]} 43. Rxa6 {[%clk 0:21:58]} Rxc5 {[%clk 0:26:13]} 44. Ra8
{[%clk 0:22:20]} Rc1+ {[%clk 0:06:22]} 45. Ke2 {[%clk 0:19:06]} Rc2+
{[%clk 0:06:46]} 46. Ke3 {[%clk 0:19:32]} Rc3+ {[%clk 0:05:52]} 47. Kd2
{[%clk 0:18:10]} Ra3 {[%clk 0:03:57]} 48. a6 {[%clk 0:15:18]} Ke4
{[%clk 0:02:55]} 49. Re8+ {[%clk 0:07:43]} Kf5 {[%clk 0:03:13]} 50. Rh8
{[%clk 0:06:16]} Rxa6 {[%clk 0:03:36]} 51. Rxh5+ {[%clk 0:06:42]} Kg6
{[%clk 0:03:52]} 52. Rh8 {[%clk 0:07:00]} f5 {[%clk 0:04:04]} 53. Ke2
{[%clk 0:07:23]} Ra2+ {[%clk 0:03:20]} 54. Kf1 {[%clk 0:07:49]} Kg5
{[%clk 0:03:45]} 55. Kg2 {[%clk 0:08:15]} Rb2 {[%clk 0:03:58]} 56. Re8
{[%clk 0:08:11]} Ra2 {[%clk 0:04:10]} 57. Kf1 {[%clk 0:08:37]} Rb2
{[%clk 0:03:39]} 58. Re2 {[%clk 0:09:03]} Rb5 {[%clk 0:03:47]} 59. Kg2
{[%clk 0:09:29]} Rb3 {[%clk 0:02:36]} 60. Ra2 {[%clk 0:09:37]} Rc3
{[%clk 0:02:33]} 61. Ra4 {[%clk 0:09:34]} Rc2 {[%clk 0:02:32]} 62. Rf4
{[%clk 0:10:00]} Ra2 {[%clk 0:02:34]} 63. h4+ {[%clk 0:10:26]} gxh3+
{[%clk 0:02:58]} 64. Kxh3 {[%clk 0:10:54]} Rb2 {[%clk 0:03:00]} 65. Kg2
{[%clk 0:11:21]} Ra2 {[%clk 0:03:18]} 66. Rd4 {[%clk 0:11:46]} Rb2
{[%clk 0:02:50]} 67. Rd3 {[%clk 0:12:05]} Ra2 {[%clk 0:03:09]} 68. Kf3
{[%clk 0:12:29]} Rb2 {[%clk 0:03:24]} 69. Re3 {[%clk 0:11:51]} Ra2
{[%clk 0:03:38]} 70. Re2 {[%clk 0:12:06]} Ra3+ {[%clk 0:04:00]} 71. Kg2
{[%clk 0:12:31]} Rb3 {[%clk 0:04:09]} 72. f3 {[%clk 0:12:39]} Kf6
{[%clk 0:02:28]} 73. Ra2 {[%clk 0:12:51]} Rc3 {[%clk 0:02:08]} 74. Ra6+
{[%clk 0:13:07]} Kg7 {[%clk 0:02:34]} 75. f4 {[%clk 0:12:58]} Rc1
{[%clk 0:02:33]} 76. Kf3 {[%clk 0:12:31]} 1/2-1/2

[Event "High League 2022 men"]
[Site "Obninsk"]
[Date "2022.06.27"]
[Round "2.18"]
[White "Makarian, Rudik"]
[Black "Sutormin, Danila"]
[Result "0-1"]
[LiveChessVersion "1.4.7"]
[BlackElo "2382"]
[WhiteElo "2534"]

1. Nf3 {[%clk 1:30:55]} d5 {[%clk 1:23:55]} 2. g3 {[%clk 1:31:02]} Nf6
{[%clk 1:24:10]} 3. Bg2 {[%clk 1:31:21]} g6 {[%clk 1:24:21]} 4. c4
{[%clk 1:31:20]} c6 {[%clk 1:24:40]} 5. b3 {[%clk 1:31:34]} Bg7 {[%clk 1:24:54]}
6. Bb2 {[%clk 1:31:59]} O-O {[%clk 1:25:15]} 7. O-O {[%clk 1:32:26]} Re8
{[%clk 1:17:57]} 8. Qc2 {[%clk 1:32:48]} Bg4 {[%clk 1:04:21]} 9. d3
{[%clk 1:32:46]} Nbd7 {[%clk 1:02:35]} 10. Nbd2 {[%clk 1:32:46]} e5
{[%clk 1:02:21]} 11. h3 {[%clk 1:32:01]} Bxf3 {[%clk 1:02:13]} 12. Nxf3
{[%clk 1:32:25]} e4 {[%clk 0:57:07]} 13. dxe4 {[%clk 1:24:34]} dxe4
{[%clk 0:57:25]} 14. Nd4 {[%clk 1:24:51]} e3 {[%clk 0:46:51]} 15. f4
{[%clk 1:23:43]} Nc5 {[%clk 0:45:40]} 16. Rad1 {[%clk 1:22:55]} Qc7
{[%clk 0:44:57]} 17. Rf3 {[%clk 1:19:31]} Nh5 {[%clk 0:41:57]} 18. g4
{[%clk 0:41:32]} Nxf4 {[%clk 0:39:57]} 19. Rdf1 {[%clk 0:41:59]} Re4
{[%clk 0:35:39]} 20. b4 {[%clk 0:39:36]} Bxd4 {[%clk 0:34:06]} 21. bxc5
{[%clk 0:38:09]} Rae8 {[%clk 0:30:51]} 22. Kh1 {[%clk 0:38:33]} R8e7
{[%clk 0:22:40]} 23. Ba3 {[%clk 0:38:27]} Qe5 {[%clk 0:21:27]} 24. Bb4
{[%clk 0:38:52]} Nxg2 {[%clk 0:18:24]} 25. Kxg2 {[%clk 0:39:17]} Bxc5
{[%clk 0:17:54]} 26. Be1 {[%clk 0:39:16]} Qe6 {[%clk 0:16:54]} 27. Rf4
{[%clk 0:38:01]} Bd6 {[%clk 0:16:07]} 28. Rxe4 {[%clk 0:37:59]} Qxe4+
{[%clk 0:16:29]} 29. Qxe4 {[%clk 0:38:28]} Rxe4 {[%clk 0:16:57]} 30. Bh4
{[%clk 0:38:56]} Rxc4 {[%clk 0:12:55]} 31. Rd1 {[%clk 0:39:22]} Be5
{[%clk 0:12:39]} 32. Rd7 {[%clk 0:39:49]} h5 {[%clk 0:09:40]} 33. Rxb7
{[%clk 0:39:58]} hxg4 {[%clk 0:09:44]} 34. Rxa7 {[%clk 0:40:24]} gxh3+
{[%clk 0:10:02]} 35. Kxh3 {[%clk 0:40:52]} Rc2 {[%clk 0:09:31]} 36. Kg4
{[%clk 0:40:58]} Rxe2 {[%clk 0:09:16]} 37. Kf3 {[%clk 0:41:26]} Rh2
{[%clk 0:08:58]} 38. Be1 {[%clk 0:41:54]} Bd4 {[%clk 0:08:04]} 39. Rd7
{[%clk 0:42:22]} c5 {[%clk 0:07:55]} 40. a4 {[%clk 1:12:51]} Ra2 {[%clk 0:36:29]}
41. a5 {[%clk 1:13:20]} Kg7 {[%clk 0:32:19]} 42. Rd6 {[%clk 1:13:31]} Ra1
{[%clk 0:26:56]} 43. Ke2 {[%clk 1:13:38]} f5 {[%clk 0:24:11]} 44. a6
{[%clk 1:13:59]} Kh6 {[%clk 0:24:36]} 45. Bh4 {[%clk 1:13:24]} Kh5
{[%clk 0:24:38]} 46. Bd8 {[%clk 1:13:50]} g5 {[%clk 0:21:19]} 0-1

[Event "High League 2022 men"]
[Site "Obninsk"]
[Date "2022.06.27"]
[Round "2.19"]
[White "Ekdyshman, Mikhail"]
[Black "Kryakvin, Dmitry"]
[Result "0-1"]
[LiveChessVersion "1.4.7"]
[BlackElo "2524"]
[WhiteElo "2307"]

1. Nf3 {[%clk 1:30:59]} d5 {[%clk 1:30:31]} 2. c4 {[%clk 1:31:06]} e6
{[%clk 1:30:17]} 3. e3 {[%clk 1:31:12]} Nf6 {[%clk 1:30:39]} 4. b3
{[%clk 1:31:29]} c5 {[%clk 1:30:57]} 5. Bb2 {[%clk 1:31:48]} Nc6 {[%clk 1:31:19]}
6. Be2 {[%clk 1:30:28]} d4 {[%clk 1:30:30]} 7. exd4 {[%clk 1:30:29]} cxd4
{[%clk 1:30:51]} 8. d3 {[%clk 1:30:53]} e5 {[%clk 1:30:04]} 9. O-O
{[%clk 1:31:11]} Bd6 {[%clk 1:29:31]} 10. Ba3 {[%clk 1:25:22]} O-O
{[%clk 1:23:22]} 11. Re1 {[%clk 1:15:53]} Re8 {[%clk 1:20:50]} 12. Bf1
{[%clk 1:11:36]} Bf5 {[%clk 1:15:37]} 13. Qc1 {[%clk 0:55:21]} Bc7
{[%clk 0:57:28]} 14. Nbd2 {[%clk 0:53:56]} a5 {[%clk 0:53:48]} 15. Nh4
{[%clk 0:51:58]} Bg4 {[%clk 0:47:39]} 16. h3 {[%clk 0:50:33]} Be6
{[%clk 0:47:08]} 17. g3 {[%clk 0:49:48]} Qd7 {[%clk 0:42:47]} 18. g4
{[%clk 0:47:09]} h5 {[%clk 0:39:03]} 19. f3 {[%clk 0:37:08]} Bd8 {[%clk 0:33:13]}
20. Ng2 {[%clk 0:35:31]} Be7 {[%clk 0:30:50]} 21. Bxe7 {[%clk 0:35:35]} Qxe7
{[%clk 0:30:23]} 22. a3 {[%clk 0:24:13]} Rac8 {[%clk 0:25:02]} 23. Rb1
{[%clk 0:21:58]} hxg4 {[%clk 0:22:46]} 24. fxg4 {[%clk 0:22:05]} Nd7
{[%clk 0:22:58]} 25. Ne4 {[%clk 0:21:06]} b6 {[%clk 0:20:59]} 26. Ng3
{[%clk 0:16:59]} b5 {[%clk 0:20:06]} 27. Qb2 {[%clk 0:13:01]} Rb8
{[%clk 0:19:49]} 28. Qc1 {[%clk 0:12:45]} bxc4 {[%clk 0:18:58]} 29. dxc4
{[%clk 0:10:42]} Nc5 {[%clk 0:17:07]} 30. Qd1 {[%clk 0:10:27]} d3
{[%clk 0:16:10]} 31. Ne3 {[%clk 0:08:59]} Nd4 {[%clk 0:10:32]} 32. Bg2
{[%clk 0:06:37]} Rxb3 {[%clk 0:09:55]} 33. Rxb3 {[%clk 0:07:06]} Ndxb3
{[%clk 0:10:12]} 34. Nd5 {[%clk 0:06:21]} Qh4 {[%clk 0:09:16]} 35. Re3
{[%clk 0:06:09]} Nd4 {[%clk 0:06:13]} 36. Kh2 {[%clk 0:04:27]} Bxd5
{[%clk 0:05:37]} 37. cxd5 {[%clk 0:00:43]} Qf6 38. Rxd3 {[%clk 0:01:12]} Nxd3
{[%clk 0:05:36]} 39. Qxd3 {[%clk 0:30:33]} Rb8 {[%clk 0:34:21]} 40. Qc3
{[%clk 0:28:41]} Qf4 {[%clk 0:32:52]} 41. Qc7 {[%clk 0:28:35]} Rf8
{[%clk 0:30:22]} 42. Qxa5 {[%clk 0:29:00]} Ne2 43. Qe1 {[%clk 0:29:23]} Nxg3
{[%clk 0:30:45]} 44. Qxg3 {[%clk 0:27:04]} Ra8 {[%clk 0:31:03]} 45. Qxf4 exf4 0-1

[Event "High League 2022 men"]
[Site "Obninsk"]
[Date "2022.06.27"]
[Round "2.20"]
[White "Kezin, Roman"]
[Black "Shchukin, Maksim"]
[Result "1-0"]
[LiveChessVersion "1.4.7"]
[BlackElo "2361"]
[WhiteElo "2516"]

1. d4 {[%clk 1:30:59]} c6 {[%clk 1:30:52]} 2. c4 {[%clk 1:29:41]} d5
{[%clk 1:31:16]} 3. Nc3 {[%clk 1:30:05]} Nf6 {[%clk 1:31:41]} 4. e3
{[%clk 1:29:24]} e6 {[%clk 1:32:02]} 5. Nf3 {[%clk 1:29:13]} Nbd7
{[%clk 1:32:23]} 6. Be2 {[%clk 1:27:25]} dxc4 {[%clk 1:32:23]} 7. a4
{[%clk 1:27:20]} Bd6 {[%clk 1:29:37]} 8. O-O {[%clk 1:25:36]} O-O
{[%clk 1:29:07]} 9. Bxc4 {[%clk 1:11:15]} e5 {[%clk 1:16:12]} 10. h3
{[%clk 0:48:43]} Qe7 {[%clk 1:03:27]} 11. Qc2 {[%clk 0:46:41]} exd4
{[%clk 0:50:14]} 12. exd4 {[%clk 0:33:05]} Nb6 {[%clk 0:47:57]} 13. Re1
{[%clk 0:27:47]} Qc7 {[%clk 0:47:59]} 14. Bb3 {[%clk 0:27:43]} h6
{[%clk 0:25:50]} 15. Bxh6 {[%clk 0:27:47]} Nbd5 {[%clk 0:24:46]} 16. Bg5
{[%clk 0:18:33]} Nb4 {[%clk 0:24:43]} 17. Qd2 {[%clk 0:08:55]} Nfd5
{[%clk 0:25:01]} 18. Rac1 {[%clk 0:08:26]} Be6 {[%clk 0:24:13]} 19. Nb5
{[%clk 0:05:17]} Qd7 {[%clk 0:24:31]} 20. Nxd6 {[%clk 0:05:41]} Qxd6
{[%clk 0:24:56]} 21. Ne5 {[%clk 0:03:47]} Rfe8 {[%clk 0:22:12]} 22. Nc4
{[%clk 0:01:12]} Qd7 {[%clk 0:21:22]} 23. Bh4 {[%clk 0:01:27]} Bf5
{[%clk 0:20:14]} 24. Ne5 {[%clk 0:00:36]} Qd6 {[%clk 0:13:27]} 25. Bg3
{[%clk 0:00:41]} Qf6 {[%clk 0:13:52]} 26. Re2 {[%clk 0:00:45]} a5
{[%clk 0:10:45]} 27. Rce1 {[%clk 0:01:12]} Red8 {[%clk 0:10:31]} 28. Nf3
{[%clk 0:00:32]} Nd3 {[%clk 0:10:00]} 29. Bh4 {[%clk 0:00:39]} Qg6
{[%clk 0:09:02]} 30. Bxd8 {[%clk 0:01:03]} N5f4 {[%clk 0:07:59]} 31. Re8+
{[%clk 0:01:26]} Kh7 {[%clk 0:08:25]} 32. Ng5+ 1-0

[Event "High League 2022 men"]
[Site "Obninsk"]
[Date "2022.06.27"]
[Round "2.21"]
[White "Salemgareev, Tagir"]
[Black "Kotenko, Pavel"]
[Result "1-0"]
[LiveChessVersion "1.4.7"]
[BlackElo "2323"]
[WhiteElo "2490"]

1. d4 {[%clk 1:29:21]} d5 {[%clk 1:30:49]} 2. c4 {[%clk 1:29:33]} e6
{[%clk 1:31:13]} 3. Nf3 {[%clk 1:29:58]} Nf6 {[%clk 1:31:27]} 4. Nc3
{[%clk 1:30:18]} Be7 {[%clk 1:31:41]} 5. Bf4 {[%clk 1:30:37]} O-O
{[%clk 1:31:50]} 6. e3 {[%clk 1:31:00]} Nbd7 {[%clk 1:31:43]} 7. c5
{[%clk 1:28:23]} Ne4 {[%clk 1:28:51]} 8. Qc2 {[%clk 1:22:27]} Nxc3
{[%clk 1:24:03]} 9. Qxc3 {[%clk 1:22:51]} b6 {[%clk 1:23:03]} 10. cxb6
{[%clk 1:09:59]} c5 {[%clk 1:22:58]} 11. Bc7 {[%clk 1:09:06]} Qe8
{[%clk 1:23:22]} 12. Bb5 {[%clk 1:09:32]} axb6 {[%clk 1:10:48]} 13. Bxb6
{[%clk 0:46:24]} c4 {[%clk 1:00:47]} 14. O-O {[%clk 0:39:10]} Rb8
{[%clk 0:48:39]} 15. Bxd7 {[%clk 0:37:32]} Qxd7 {[%clk 0:48:08]} 16. Bc5
{[%clk 0:37:55]} Bxc5 {[%clk 0:47:38]} 17. dxc5 {[%clk 0:38:20]} Qb5
{[%clk 0:47:10]} 18. Rfb1 {[%clk 0:38:40]} Qxc5 {[%clk 0:46:06]} 19. b4
{[%clk 0:39:04]} Qd6 {[%clk 0:32:38]} 20. a4 {[%clk 0:38:20]} f6 {[%clk 0:30:03]}
21. b5 {[%clk 0:35:50]} Bd7 {[%clk 0:25:08]} 22. e4 {[%clk 0:29:10]} dxe4
{[%clk 0:18:26]} 23. Rd1 {[%clk 0:29:17]} Qe7 {[%clk 0:14:32]} 24. Nd2
{[%clk 0:29:25]} f5 {[%clk 0:10:46]} 25. Nxc4 {[%clk 0:29:19]} f4
{[%clk 0:09:27]} 26. Qd4 {[%clk 0:25:05]} Bc8 {[%clk 0:09:11]} 27. Qxe4
{[%clk 0:24:44]} f3 {[%clk 0:06:32]} 28. g3 {[%clk 0:24:43]} Qc5 {[%clk 0:04:50]}
29. Qe5 {[%clk 0:22:39]} Qxc4 {[%clk 0:05:08]} 30. Qxb8 {[%clk 0:23:04]} Qg4
{[%clk 0:04:26]} 31. Kh1 {[%clk 0:23:30]} h6 {[%clk 0:01:20]} 32. Rac1
{[%clk 0:22:17]} Bd7 {[%clk 0:01:10]} 33. Qxf8+ {[%clk 0:21:54]} Kxf8
{[%clk 0:01:36]} 34. Rxd7 {[%clk 0:22:18]} Kg8 {[%clk 0:01:46]} 35. b6
{[%clk 0:22:37]} 1-0

[Event "High League 2022 men"]
[Site "Obninsk"]
[Date "2022.06.27"]
[Round "2.22"]
[White "Belyakov, Bogdan"]
[Black "Goltsev, Dmitry"]
[Result "1-0"]
[LiveChessVersion "1.4.7"]
[BlackElo "2294"]
[WhiteElo "2448"]

1. e4 {[%clk 1:30:54]} e6 {[%clk 1:30:57]} 2. d4 {[%clk 1:31:10]} d5
{[%clk 1:31:24]} 3. Nd2 {[%clk 1:31:33]} c5 {[%clk 1:31:43]} 4. Ngf3
{[%clk 1:31:15]} Nc6 {[%clk 1:31:46]} 5. exd5 {[%clk 1:30:58]} exd5
{[%clk 1:32:09]} 6. Bb5 {[%clk 1:31:16]} Nf6 {[%clk 1:30:06]} 7. O-O
{[%clk 1:28:32]} Be7 {[%clk 1:30:32]} 8. dxc5 {[%clk 1:28:56]} Bxc5
{[%clk 1:22:29]} 9. Nb3 {[%clk 1:29:07]} Bb6 {[%clk 1:21:56]} 10. Qe2+
{[%clk 1:21:22]} Qe7 {[%clk 1:12:58]} 11. Qxe7+ {[%clk 1:18:45]} Kxe7
{[%clk 1:13:21]} 12. Re1+ {[%clk 1:16:51]} Be6 {[%clk 1:08:55]} 13. Be3
{[%clk 1:12:27]} Bxe3 {[%clk 0:58:50]} 14. Rxe3 {[%clk 1:12:38]} Kd6
{[%clk 0:57:54]} 15. Nbd4 {[%clk 0:42:33]} Nxd4 {[%clk 0:55:16]} 16. Nxd4
{[%clk 0:42:56]} a6 {[%clk 0:55:38]} 17. Bf1 {[%clk 0:38:54]} Rhe8
{[%clk 0:52:38]} 18. f3 {[%clk 0:36:02]} Bd7 {[%clk 0:46:36]} 19. Rb3
{[%clk 0:34:55]} b5 {[%clk 0:40:15]} 20. Rd1 {[%clk 0:31:42]} Kc5
{[%clk 0:36:24]} 21. a3 {[%clk 0:30:00]} Re5 {[%clk 0:33:34]} 22. Kf2
{[%clk 0:29:15]} g5 {[%clk 0:31:22]} 23. Re3 {[%clk 0:23:58]} Rxe3
{[%clk 0:25:03]} 24. b4+ {[%clk 0:24:11]} Kd6 {[%clk 0:23:35]} 25. Kxe3
{[%clk 0:24:33]} g4 {[%clk 0:20:29]} 26. Nb3 {[%clk 0:16:44]} gxf3
{[%clk 0:19:17]} 27. gxf3 {[%clk 0:17:08]} Bf5 {[%clk 0:18:24]} 28. Rd2
{[%clk 0:16:43]} Nd7 {[%clk 0:13:57]} 29. c4 {[%clk 0:14:04]} bxc4
{[%clk 0:14:20]} 30. Bxc4 {[%clk 0:14:28]} Nb6 {[%clk 0:13:56]} 31. Be2
{[%clk 0:10:52]} Nd7 {[%clk 0:13:51]} 32. Na5 {[%clk 0:07:46]} Nb6
{[%clk 0:09:59]} 33. Kf4 {[%clk 0:06:57]} Bd7 {[%clk 0:09:08]} 34. Nc4+
{[%clk 0:05:49]} Nxc4 {[%clk 0:09:26]} 35. Bxc4 {[%clk 0:06:14]} Bc6
{[%clk 0:09:17]} 36. Bd3 {[%clk 0:05:03]} h6 {[%clk 0:09:42]} 37. Ke3
{[%clk 0:03:41]} Bb5 {[%clk 0:09:46]} 38. Rc2 {[%clk 0:02:24]} Re8+
{[%clk 0:08:57]} 39. Kd4 {[%clk 0:02:47]} Re1 {[%clk 0:04:41]} 40. Rc5
{[%clk 0:31:59]} Rd1 {[%clk 0:30:46]} 41. Rxd5+ {[%clk 0:32:21]} Kc6
{[%clk 0:29:40]} 42. Rc5+ {[%clk 0:32:40]} Kb6 {[%clk 0:30:08]} 43. Rc3
{[%clk 0:32:57]} Rd2 {[%clk 0:28:23]} 44. h3 {[%clk 0:30:04]} Bd7
{[%clk 0:26:52]} 45. Ke3 {[%clk 0:24:11]} Rh2 {[%clk 0:26:29]} 46. Bc4
{[%clk 0:24:13]} Rxh3 {[%clk 0:22:46]} 47. Bxf7 {[%clk 0:24:04]} h5
{[%clk 0:22:00]} 48. Rd3 {[%clk 0:17:58]} Bc8 {[%clk 0:20:10]} 49. Rd6+
{[%clk 0:16:41]} Kc7 {[%clk 0:20:38]} 50. Rd5 {[%clk 0:16:16]} Bg4
{[%clk 0:17:44]} 51. Rc5+ {[%clk 0:15:57]} Kb6 {[%clk 0:17:51]} 52. Bd5
{[%clk 0:16:00]} Bd7 {[%clk 0:18:19]} 53. Be4 {[%clk 0:14:45]} Rh2
{[%clk 0:18:16]} 54. Rd5 {[%clk 0:14:20]} Bc8 {[%clk 0:17:39]} 55. a4
{[%clk 0:10:37]} h4 {[%clk 0:17:43]} 56. Rc5 {[%clk 0:10:46]} Bh3
{[%clk 0:17:39]} 57. a5+ {[%clk 0:11:08]} Ka7 {[%clk 0:18:08]} 58. Rh5
{[%clk 0:10:40]} Bc8 {[%clk 0:14:32]} 59. Rh8 {[%clk 0:10:40]} 1-0

[Event "High League 2022 men"]
[Site "Obninsk"]
[Date "2022.06.28"]
[Round "3.1"]
[White "Afanasiev, Nikita"]
[Black "Sjugirov, Sanan"]
[Result "1/2-1/2"]
[LiveChessVersion "1.4.7"]
[BlackElo "2696"]
[WhiteElo "2583"]

1. e4 {[%clk 1:30:58]} c6 {[%clk 1:29:44]} 2. d4 {[%clk 1:30:58]} d5
{[%clk 1:30:06]} 3. e5 {[%clk 1:31:22]} Bf5 {[%clk 1:30:04]} 4. Nd2
{[%clk 1:31:34]} e6 {[%clk 1:29:35]} 5. Nb3 {[%clk 1:31:55]} Nd7 {[%clk 1:29:17]}
6. Nf3 {[%clk 1:31:46]} a6 {[%clk 1:29:17]} 7. c3 {[%clk 1:26:53]} c5
{[%clk 1:28:16]} 8. dxc5 {[%clk 1:23:13]} Bxc5 {[%clk 1:27:54]} 9. Nxc5
{[%clk 1:22:32]} Nxc5 {[%clk 1:28:14]} 10. Nd4 {[%clk 1:22:57]} Ne7
{[%clk 1:21:02]} 11. Be2 {[%clk 1:19:06]} Rc8 {[%clk 1:10:40]} 12. h4
{[%clk 1:12:33]} h6 {[%clk 1:07:58]} 13. h5 {[%clk 1:10:28]} Qc7 {[%clk 1:02:42]}
14. Bf4 {[%clk 1:06:58]} b5 {[%clk 0:57:15]} 15. O-O {[%clk 1:04:35]} O-O
{[%clk 0:45:42]} 16. Qd2 {[%clk 1:01:48]} Bh7 {[%clk 0:44:51]} 17. Rfe1
{[%clk 1:00:18]} Qb6 {[%clk 0:41:12]} 18. Bf1 {[%clk 0:57:13]} Kh8
{[%clk 0:38:29]} 19. Rad1 {[%clk 0:54:42]} Rg8 {[%clk 0:29:20]} 20. Qe3
{[%clk 0:45:42]} Na4 {[%clk 0:26:44]} 21. Rd2 {[%clk 0:42:42]} Nc5
{[%clk 0:26:14]} 22. f3 {[%clk 0:38:29]} Nf5 {[%clk 0:15:11]} 23. Qf2
{[%clk 0:36:50]} Nxd4 {[%clk 0:13:21]} 24. cxd4 {[%clk 0:31:40]} Nd7
{[%clk 0:13:46]} 25. Qh4 {[%clk 0:29:29]} Qd8 {[%clk 0:12:46]} 26. Qxd8
{[%clk 0:24:55]} 1/2-1/2

[Event "High League 2022 men"]
[Site "Obninsk"]
[Date "2022.06.28"]
[Round "3.2"]
[White "Artemiev, Vladislav"]
[Black "Kokarev, Dmitry"]
[Result "1-0"]
[LiveChessVersion "1.4.7"]
[BlackElo "2582"]
[WhiteElo "2697"]

1. d4 {[%clk 1:30:53]} Nf6 {[%clk 1:30:51]} 2. Bf4 {[%clk 1:31:06]} g6
{[%clk 1:30:50]} 3. Nc3 {[%clk 1:31:18]} d5 {[%clk 1:31:07]} 4. e3
{[%clk 1:31:25]} Bg7 {[%clk 1:31:21]} 5. h4 {[%clk 1:31:22]} c6 {[%clk 1:26:37]}
6. Qd2 {[%clk 1:27:41]} O-O {[%clk 1:24:47]} 7. Nf3 {[%clk 1:09:03]} Ne4
{[%clk 1:13:10]} 8. Nxe4 {[%clk 1:07:11]} dxe4 {[%clk 1:13:34]} 9. Ng5
{[%clk 0:55:15]} c5 {[%clk 1:12:38]} 10. Nxe4 {[%clk 0:46:43]} cxd4
{[%clk 1:12:37]} 11. exd4 {[%clk 0:47:07]} Qxd4 {[%clk 1:08:16]} 12. Qxd4
{[%clk 0:47:06]} Bxd4 {[%clk 1:08:37]} 13. O-O-O {[%clk 0:34:20]} Nc6
{[%clk 1:08:22]} 14. Bb5 {[%clk 0:27:25]} Bb6 {[%clk 1:05:35]} 15. Rhe1
{[%clk 0:26:38]} Bf5 {[%clk 1:03:51]} 16. Bg5 {[%clk 0:20:29]} Rac8
{[%clk 0:40:50]} 17. c3 {[%clk 0:10:10]} Rfe8 {[%clk 0:36:27]} 18. Bh6
{[%clk 0:05:42]} Red8 {[%clk 0:34:15]} 19. Rxd8+ {[%clk 0:04:23]} Rxd8
{[%clk 0:34:34]} 20. f3 {[%clk 0:02:56]} Be6 {[%clk 0:27:17]} 21. Bxc6
{[%clk 0:01:34]} bxc6 {[%clk 0:27:40]} 22. b3 {[%clk 0:01:36]} Bd5
{[%clk 0:20:43]} 23. Nd2 {[%clk 0:01:10]} Be6 {[%clk 0:15:32]} 24. Re2
{[%clk 0:00:45]} Re8 {[%clk 0:05:50]} 25. Kb2 {[%clk 0:00:38]} Bf5
{[%clk 0:05:08]} 26. Ne4 {[%clk 0:00:39]} Bxe4 {[%clk 0:04:40]} 27. Rxe4
{[%clk 0:01:00]} e5 {[%clk 0:04:52]} 28. Kc2 {[%clk 0:00:46]} f5 {[%clk 0:05:13]}
29. Rc4 {[%clk 0:00:40]} e4 {[%clk 0:03:56]} 30. fxe4 {[%clk 0:01:05]} Rxe4
{[%clk 0:04:10]} 31. Rxe4 {[%clk 0:00:41]} fxe4 {[%clk 0:04:35]} 32. Kd2
{[%clk 0:01:09]} a6 {[%clk 0:04:57]} 33. Be3 {[%clk 0:01:10]} Bc7
{[%clk 0:04:52]} 34. Bg5 {[%clk 0:00:34]} Bb6 {[%clk 0:04:34]} 35. b4
{[%clk 0:00:50]} Kf7 {[%clk 0:04:42]} 36. a4 {[%clk 0:01:10]} Ke6
{[%clk 0:04:42]} 37. c4 {[%clk 0:00:56]} Bf2 {[%clk 0:02:42]} 38. Ke2
{[%clk 0:00:49]} Bd4 {[%clk 0:02:54]} 39. Be3 {[%clk 0:00:32]} Bc3
{[%clk 0:02:41]} 40. Bc5 {[%clk 0:30:44]} h5 {[%clk 0:31:38]} 41. Ke3
{[%clk 0:22:58]} Be1 {[%clk 0:31:26]} 42. Kxe4 {[%clk 0:22:22]} Bxh4
{[%clk 0:31:47]} 43. b5 {[%clk 0:15:12]} cxb5 {[%clk 0:31:43]} 44. cxb5
{[%clk 0:15:35]} axb5 {[%clk 0:31:57]} 45. axb5 {[%clk 0:16:00]} Kd7
{[%clk 0:27:03]} 46. Ke5 {[%clk 0:09:20]} Bd8 {[%clk 0:26:20]} 47. Be3
{[%clk 0:09:33]} Bh4 {[%clk 0:20:14]} 48. Bd4 {[%clk 0:06:49]} Bd8
{[%clk 0:19:36]} 49. Kd5 {[%clk 0:04:56]} g5 {[%clk 0:12:51]} 50. b6
{[%clk 0:04:14]} g4 {[%clk 0:13:13]} 51. b7 {[%clk 0:04:34]} Bc7 {[%clk 0:13:32]}
52. Bf6 {[%clk 0:04:46]} Bb8 {[%clk 0:11:49]} 53. Be5 {[%clk 0:03:57]} Bc7
{[%clk 0:11:37]} 54. b8=Q {[%clk 0:03:27]} Bxb8 {[%clk 0:12:03]} 55. Bxb8
{[%clk 0:03:50]} h4 {[%clk 0:12:28]} 56. Bh2 {[%clk 0:04:05]} h3 {[%clk 0:12:41]}
57. g3 {[%clk 0:04:24]} 1-0